| Поле | Название | Значение |
| |
Тип записи |
a |
| |
Библиографический уровень |
m |
| 001 |
Контрольный номер |
RU/URAIT/583123 |
| 005 |
Дата корректировки |
20260429163711.1 |
| 008 |
Кодируемые данные |
260429s2026 RU y f j 000 0 rus u |
| 020 |
Индекс ISBN |
__ |
| a |
ISBN |
978-5-9916-5393-0 |
| c |
Цена, тираж |
1789.00 |
| 040 |
Источник каталогиз. |
__ |
| a |
Служба первич. каталог. |
ИКО Юрайт |
| c |
Служба, преобразующая запись |
ИКО Юрайт |
| e |
Правила каталог. |
RCR |
| 041 |
Код языка издания |
__ |
| a |
Код языка текста |
rus |
| 044 |
Код страны публикации |
__ |
| a |
Код страны публикации |
RU |
| 080 |
Индекс УДК |
__ |
| a |
Индекс УДК |
159.9(075) |
| 084 |
Индекс другой классификации/Индекс ББК |
__ |
| 2 |
Источник индекса |
rubbk |
| a |
Индекс другой классификации/Индекс ББК |
88.3я73 |
| 100 |
Автор |
__ |
| a |
Автор |
Серкин В. П. |
| q |
Полное имя |
Серкин Владимир Павлович |
| 245 |
Заглавие |
__ |
| a |
Заглавие |
Психосемантика |
| b |
Продолж. заглавия |
учебник и практикум для вузов |
| c |
Ответственность |
В. П. Серкин. |
| 256 |
Характеристики компьютерного файла |
__ |
| a |
Характеристики компьютерного файла |
Электрон. дан. |
| 260 |
Выходные данные |
__ |
| a |
Место издания |
Москва |
| b |
Издательство |
Юрайт |
| c |
Дата издания |
2026 |
| 300 |
Физическое описание |
__ |
| a |
Объем |
336 с |
| 440 |
Серия |
__ |
| a |
Серия |
Высшее образование |
| 500 |
Примечания |
__ |
| a |
Примечание |
URL: https://urait.ru/bcode/583123 (дата обращения: 29.04.2026). |
| 520 |
Аннотация |
__ |
| a |
Аннотация |
В курсе описываются и сопоставляются основные модельные описания психологии субъективной семантики и психосемантики. Суть методов психосемантики заключается в оценке испытуемым значений стимулов с помощью других значений и их систем. Поэтому в курсе много внимания уделено описанию различных форм значений и систем значений, изложено 20 методов (с модификациями) исследования и описания различных стимулов и их значений. Для увеличения возможностей полной генерализации результатов представлены разработанные ранее и новые модели образа мира, психологическая категория «образ жизни», новая методологическая парадигма генерализации результатов в рамках дихотомии понятий «образ мира — образ жизни», краткий очерк понятия «сознание». |
| 538 |
Прим. о системных особенностях |
__ |
| a |
Прим. о системных особенностях |
Режим доступа: Электронно-библиотечная система Юрайт, для авториз. пользователей |
| 653 |
Ключевые слова |
__ |
| a |
Ключевые слова |
Психология. Общие работы |
| 653 |
Ключевые слова |
__ |
| a |
Ключевые слова |
Педагогика, психология, социальная работа |
| 653 |
Ключевые слова |
__ |
| a |
Ключевые слова |
Психосемантика |
| 653 |
Ключевые слова |
__ |
| a |
Ключевые слова |
методы психосемантики в психолого-педагогическом исследовании |
| 653 |
Ключевые слова |
__ |
| a |
Ключевые слова |
Психосемантические методы исследования личности |
| 653 |
Ключевые слова |
__ |
| a |
Ключевые слова |
Основы психосемантики и построение психосемантического пространства |
| 653 |
Ключевые слова |
__ |
| a |
Ключевые слова |
Основы психосемантики |
| 653 |
Ключевые слова |
__ |
| a |
Ключевые слова |
Методы психосемантики |
| 856 |
Электронный адрес документа |
40 |
| n |
Местонахождение сервера |
Юрайт |
| g |
|
Электронная книга |
| q |
Тип электронного формата |
html |
| h |
Имя пользователя |
ЮРАЙТ |
| v |
Часы доступа к ресурсу |
20271231 |
| 2 |
Способ доступа |
Показать документ |
| x |
Служебное примечание |
https://urait.ru/book/cover/EF870336-DCC8-43B3-933F-C1F2E51EC884 |
| u |
URL |
https://urait.ru/bcode/583123 |
| 856 |
Электронный адрес документа |
48 |
| q |
Тип электронного формата |
cover |
| u |
URL |
https://urait.ru/book/cover/EF870336-DCC8-43B3-933F-C1F2E51EC884 |
| 911 |
|
__ |
| u |
|
0030=https://urait.ru/bcode/583123 |
| 911 |
|
__ |
| u |
|
073a=9785991653930 |
| u |
|
073d=1789.00 |
| 911 |
|
__ |
| u |
|
106a=s |
| 911 |
|
__ |
| u |
|
900l= |
| 952 |
Тип литературы |
__ |
| i |
Дисциплина |
Психосемантика |
| 952 |
Тип литературы |
__ |
| i |
Дисциплина |
методы психосемантики в психолого-педагогическом исследовании |
| 952 |
Тип литературы |
__ |
| i |
Дисциплина |
Психосемантические методы исследования личности |
| 952 |
Тип литературы |
__ |
| i |
Дисциплина |
Основы психосемантики и построение психосемантического пространства |
| 952 |
Тип литературы |
__ |
| i |
Дисциплина |
Основы психосемантики |
| 952 |
Тип литературы |
__ |
| i |
Дисциплина |
Методы психосемантики |